Regional differences in new firm formation: Evidence from West Germany.
Analyzovanie regionálnych rozdielov v aktivitách zakladania nových podnikov. Súvislosti medzi mierou zakladania podnikov a podielom zamestnaných osôb v regiónoch v malých podnikoch. Kvalifikácia pracovných síl a nízka miera nezamestnanosti ako aj vysoká úroveň miezd ako faktory rozhodujúce pri zakla...
Gespeichert in:
| 1. Verfasser: | |
|---|---|
| Format: | Buchkapitel |
| Sprache: | Englisch |
| Schlagworte: | |
| Tags: |
Keine Tags, Fügen Sie das erste Tag hinzu!
|
MARC
| LEADER | 00000naa a2200000 4500 | ||
|---|---|---|---|
| 001 | r011220 | ||
| 005 | 20221213085224.0 | ||
| 041 | 0 | |a eng | |
| 044 | |a GB | ||
| 245 | 1 | 0 | |a Regional differences in new firm formation: Evidence from West Germany. |c M. Fritsch |
| 520 | |a Analyzovanie regionálnych rozdielov v aktivitách zakladania nových podnikov. Súvislosti medzi mierou zakladania podnikov a podielom zamestnaných osôb v regiónoch v malých podnikoch. Kvalifikácia pracovných síl a nízka miera nezamestnanosti ako aj vysoká úroveň miezd ako faktory rozhodujúce pri zakladaní nových podnikov. | ||
| 610 | 2 | 0 | |a podnik |
| 610 | 2 | 0 | |a regióny |
| 610 | 2 | 0 | |a Nemecko |
| 610 | 2 | 0 | |a zamestnanosť |
| 610 | 2 | 0 | |a sily pracovné |
| 610 | 2 | 0 | |a kvalifikácia |
| 610 | 2 | 0 | |a mzdy |
| 100 | 1 | |a Fritsch, M. | |